Top 50 Artists nach Streams - Statistiken

Allgemein
  • Dieses Quiz wurde 166 mal gespielt
  • Das Durchschnittsergebnis liegt bei 14 aus 50
Antwortstatistiken
# Streams Antwort % Korrekt
1 99,830,488,857 Taylor Swift
87%
3 84,731,498,042 Drake
69%
8 47,457,804,065 Justin Bieber
58%
14 37,596,458,157 Rihanna
58%
6 52,033,486,947 Ed Sheeran
55%
4 66,685,190,305 The Weeknd
53%
7 49,189,909,400 Eminem
50%
5 52,271,558,723 Ariana Grande
49%
13 37,931,023,326 Travis Scott
49%
30 27,232,388,694 Lady Gaga
47%
19 34,826,612,603 Kendrick Lamar
45%
32 26,486,867,747 Beyoncé
44%
9 45,758,442,898 Billie Eilish
43%
10 45,359,462,698 Kanye West
43%
40 24,027,015,141 Adele
36%
2 85,992,487,310 Bad Bunny
36%
17 35,116,463,885 Bruno Mars
35%
15 37,510,870,392 Coldplay
35%
50 21,812,700,005 The Beatles
34%
36 25,015,551,049 Queen
33%
12 41,678,415,362 BTS
31%
46 23,098,717,440 Shakira
31%
11 44,206,546,827 Post Malone
29%
18 35,092,798,318 Dua Lipa
26%
39 24,167,106,502 Harry Styles
26%
21 34,079,871,332 Juice WRLD
23%
25 29,789,667,390 Lana Del Rey
23%
34 25,897,304,408 Shawn Mendes
23%
23 31,889,074,564 David Guetta
22%
37 24,383,908,208 One Direction
21%
38 24,203,978,915 Linkin Park
19%
22 31,901,640,037 XXXTENTACION
19%
20 34,468,296,158 Imagine Dragons
18%
26 29,513,292,912 Maroon 5
18%
48 22,772,983,375 SZA
18%
28 27,612,417,627 Future
16%
45 23,107,815,053 Sia
15%
29 27,469,689,573 Calvin Harris
12%
35 25,316,955,661 Sam Smith
10%
44 23,219,121,425 Chris Brown
9%
16 37,253,230,294 J Balvin
9%
42 23,606,688,426 J. Cole
8%
43 23,517,351,012 Metro Boomin
8%
49 22,479,985,416 Arctic Monkeys
6%
47 23,086,649,452 Daddy Yankee
4%
27 27,875,748,171 Khalid
4%
31 27,080,233,344 KAROL G
3%
24 30,369,747,853 Ozuna
3%
41 23,927,620,092 Anuel AA
1%
33 26,205,507,228 Rauw Alejandro
1%
Keine übereinstimmenden Quizze gefunden
Verteilung der Resultate
Anzahl Personen mit jedem Resultat
Perzentil nach korrekt beantworteten Fragen
Ihre Resultats-Entwicklung
Sie haben dieses Quiz noch nicht gespielt